Cricket: Most Career ODI Dismissals by a Wicketkeeper - Statistics

General Stats
  • This quiz has been taken 19 times
  • The average score is 16 of 20
Answer Stats
Country Years Innings Dismissals Answer % Correct
AUS 1996-2008 281 472 Adam Gilchrist
100%
SL 2000-2015 353 482 Kumar Sangakkara
100%
SA 1998-2011 290 424 Mark Boucher
100%
IND 2004-2019 345 444 MS Dhoni
100%
AUS 1988-1997 168 233 Ian Healy
94%
AUS 2001-2015 115 181 Brad Haddin
89%
NZ 2002-2016 183 242 Brendon McCullum
89%
ENG 2012-2021* 140 209 Jos Buttler
89%
SA 2013-2021* 115 173 Quinton de Kock
89%
ENG 1989-2003 137 163 Alec Stewart
78%
ZIM 1992-2003 185 165 Andy Flower
78%
WI 1981-1991 166 204 Jeff Dujon
78%
PAK 1990-2004 209 287 Moin Khan
78%
WI 2005-2016 137 188 Denesh Ramdin
72%
BAN 2006-2021* 206 230 Mushfiqur Rahim
72%
PAK 2002-2017 151 187 Kamran Akmal
67%
SA 1991-1998 121 165 David Richardson
56%
PAK 1992-2003 164 220 Rashid Latif
50%
WI 1996-2004 145 189 Ridley Jacobs
50%
SL 1990-2004 185 206 Romesh Kaluwitharana
50%
No matching quizzes found
Score Distribution
Percent of People with Each Score
Percentile by Number Answered
Your Score History
You have not taken this quiz